[Event "Novi Sad Serbian op"]
[Site "Novi Sad"]
[Date "2016.11.06"]
[Round "1"]
[White "Matic, Sinisa"]
[Black "Ileana, George"]
[Result "0-1"]
[WhiteElo "1543"]
[BlackElo "2224"]
[PlyCount "52"]
[EventDate "2016.11.06"]
[EventType "swiss"]
[EventRounds "9"]
[EventCountry "SRB"]
[SourceTitle "CBM 175 Extra"]
[Source "ChessBase"]
[SourceDate "2016.12.12"]
[SourceVersion "1"]
[SourceVersionDate "2016.12.12"]
[SourceQuality "1"]

1. d4 Nf6 2. c4 e6 3. Nf3 Bb4+ 4. Nc3 c5 5. d5 exd5 6. cxd5 d6 7. Bg5 Nbd7 8. e3 Qa5 9. Qb3 Ne4 10. Rc1 Ne5 11. Nxe5 dxe5 12. Bh4 Bd7 13. Qc2 Nd6 14. a3 Bxc3+ 15. bxc3 c4 16. Bg3 f6 17. Be2 0-0 18. e4 Qxa3 19. 0-0 Ba4 20. Qd2 Nxe4 21. Qe3 Nxg3 22. hxg3 Bb3 23. f4 Rfe8 24. Bg4 exf4 25. Qxf4 Qc5+ 26. Kh2 Qxd5 0-1